| 000 | 00588cam a22001697a 4500 | ||
|---|---|---|---|
| 008 | 180718b2006 xxu||||| |||| 00| 0 eng d | ||
| 082 | _aT19x54 M474/5 | ||
| 100 | _aRonald, Bindu Samuel | ||
| 245 |
_aMarket access for agricultural products _cby Bindu Samuel Ronald |
||
| 260 |
_aNew Delhi _bIndian Institute of Public Administration and United Nationas Development Programme _c2006 |
||
| 300 | _a27p. | ||
| 650 | _aEmergency management | ||
| 650 | _aMedical care - India | ||
| 650 | _aIndia - Economic conditions | ||
| 650 | _aLand reform - India | ||
| 650 | _aEconomic reform - India | ||
| 999 |
_c493437 _d493437 |
||